| 000 | 00323nam a22001217a 4500 | ||
|---|---|---|---|
| 020 | _a9780123742995 | ||
| 082 |
_a629.2 _bPEN |
||
| 100 | _aPennycuick, C.J. | ||
| 245 |
_aModeling the Flying Bird / _c C.J. Pennycuick, |
||
| 260 |
_aNew York, _bElsevier _c2005. |
||
| 300 |
_a480p. ; _bHardbinding |
||
| 942 |
_2ddc _cBK |
||
| 999 |
_c594328 _d594328 |
||